LIBRARY & INFORMATION CENTRE, KCAET, TAVANUR

ONLINE PUBLIC ACCESS CATALOGUE (OPAC)

Microsoft internet explorer: 4 Essentials / (Record no. 5426)

MARC details
000 -LEADER
fixed length control field 00509cam a2200193ua 4500
041 ## - LANGUAGE CODE
Language code of text/sound track or separate title eng
082 ## - DEWEY DECIMAL CLASSIFICATION NUMBER
Classification number 005.369
Item number CLA/MI
100 ## - MAIN ENTRY--AUTHOR NAME
Personal name Clniy, Patrick .
245 ## - TITLE STATEMENT
Title Microsoft internet explorer: 4 Essentials /
250 ## - EDITION STATEMENT
Edition statement 1 /
260 ## - PUBLICATION, DISTRIBUTION, ETC. (IMPRINT)
Place of publication New Delhi :
Name of publisher Prentice Hall of India Pvt Ltd. ,
Year of publication 1999.
300 ## - PHYSICAL DESCRIPTION
Number of Pages 224 ; .
700 1# - ADDED ENTRY--PERSONAL NAME
Personal name Nelson, Rebecca .
942 ## - ADDED ENTRY ELEMENTS (KOHA)
Koha item type Books
Holdings
Withdrawn status Lost status Damaged status Home library Current library Date acquired Full call number Accession Number Koha item type
      KAUAET KAUAET 07/04/2012 005.369 20628 Books
free website counter